000
00335 a2200157 4500
001
13592
020
_a
9788575037317
040
_c
Anchieta - Aquarius
100
_a
Antonio, Luiz
240
1
0
_a
Minhas contas
_l
por
245
1
0
_a
Minhas contas
300
_a
362
0
_a
2008
650
4
_a
Literatura infanto-juvenil
942
_c
BK
999
_c
13592
_d
13592